000 00525nam a22001697a 4500
005 20250414183354.0
008 250414b |||||||| |||| 00| 0 eng d
020 _a9780073315089
050 _aGN25 KOT
100 _aKottak Conrad Phillip
245 _aAnthropology:
_bThe exploration of Human Diversity
_cConrad Philip Kottak
250 _a12th Ed.
260 _aBoston
_bMcGraw-Hill
_c2008
300 _axxxviii. (various pagings)
_bill. maps. (some col.)
_c28 cm
650 _2Anthropology
942 _2lcc
_cBK
_e12th Ed.
_n0
999 _c5470
_d5470